THE EVALUATION OF NOISE ANNOYANCE SCALES IN SELECTED POPULATION GROUPS

Bibliographic Details
Main Authors: Argalášová, Ľubica, 1966- (Author), Jurkovičová, Jana (Author), Ághová, Ľubica, 1941- (Author), Ševčíková, Ľudmila, 1951-2023 (Author), Štefániková, Zuzana (Author)
Format: Article
Language:English
ISBN:8022722456
Subjects:

MARC

LEADER 00000naa a2200000 a 4500
001 vtls011847583
003 SK-MaSNL
005 20260302142733.0
008 210910|2005 xo |||||||||||||||||eng|
015 |a SNBCL 
035 |a (urnnbn)urn:nbn:sk:snk:ar-008rrj 
035 |a urn:nbn:sk:snk-aaw3e7 
035 |a (uuid)a9bde4d2-7a91-491a-a68a-2e6fc372c07d 
040 |a SNKBUCL  |b slo  |c SNKBUCL  |e AACR2 
041 |a eng 
044 |a xo  |c SK 
100 1 |a Argalášová, Ľubica,  |d 1966-  |4 aut  |9 248739 
245 1 0 |a THE EVALUATION OF NOISE ANNOYANCE SCALES IN SELECTED POPULATION GROUPS  |c Ľubica Sobotová, Jana Jurkovičová, Ľudmila Ševčíková, Zuzana Štefániková, Ľubica Ághová 
336 |a text  |b txt  |c rdacontent 
337 |a bez média  |b n  |c rdamedia 
338 |a zväzok  |b nc  |c rdacarrier 
655 7 |a články zo zborníkov  |2 snkbucl  |9 166140 
700 1 |a Jurkovičová, Jana  |4 aut  |9 12114 
700 1 |a Ághová, Ľubica,  |d 1941-  |4 aut  |9 196898 
700 1 |a Ševčíková, Ľudmila,  |d 1951-2023  |4 aut  |9 228386 
700 1 |a Štefániková, Zuzana  |4 aut  |9 677558 
773 0 |t Noise and Vibration in Practice  |d Bratislava : [Slovenská technická univerzita], 2005  |g S. 69-72  |z 8022722456 
958 |a OND 
958 |a article26 
958 |a chapter 
999 |c 1340562  |d 1342492